|
|
|
|
| LEADER |
00868nab a2200217 i 4500 |
| 001 |
publ10119 |
| 005 |
20190508163020.0 |
| 008 |
161220s2004 hu o 0|| zxx d |
| 022 |
|
|
|a 1650-3414
|
| 024 |
7 |
|
|a 1078287
|2 mtmt
|
| 040 |
|
|
|a SZTE Publicatio Repozitórium
|b hun
|
| 041 |
|
|
|a zxx
|
| 100 |
1 |
|
|a Sztriha László Krisztián
|
| 245 |
1 |
0 |
|a Aspirin and clopidogrel resistance
|h [elektronikus dokumentum] /
|c Sztriha László Krisztián
|
| 260 |
|
|
|a International Federation of Clinical Chemistry and Laboratory Medicine
|c 2004
|
| 300 |
|
|
|a 6
|
| 490 |
0 |
|
|a E-JIFCC -THE ELECTRONIC JOURNAL OF THE INTERNATIONAL FEDERATION OF CLINICAL CHEMISTRY AND LABORATORY MEDICINE
|v 15 No. 3
|
| 700 |
0 |
1 |
|a Seres Erika
|e aut
|
| 700 |
0 |
1 |
|a Sas Katalin
|e aut
|
| 700 |
0 |
1 |
|a Vécsei László
|e aut
|
| 856 |
4 |
0 |
|u http://publicatio.bibl.u-szeged.hu/10119/1/Sztriha_L._Aspirin_u.pdf
|z Dokumentum-elérés
|